Impartiality in ECC Contracts (Record no. 76190)

MARC details
000 -LEADER
fixed length control field 00787cab a2200169 4500
001 - CONTROL NUMBER
control field ##L131601
008 - FIXED-LENGTH DATA ELEMENTS--GENERAL INFORMATION
fixed length control field 051118n2005 000 0 eng u
035 ## - SYSTEM CONTROL NUMBER
System control number (Sirsi) u131601
041 0# - LANGUAGE CODE
Language code of text/sound track or separate title eng
100 1# - MAIN ENTRY--PERSONAL NAME
Personal name Gordon, Mark
245 00 - TITLE STATEMENT
Title Impartiality in ECC Contracts
260 ## - PUBLICATION, DISTRIBUTION, ETC.
Date of publication, distribution, etc. 2005
490 #0 - SERIES STATEMENT
Series statement Property Week
Volume/sequential designation 70(43) 28 October 2005, 67(1)
520 ## - SUMMARY, ETC.
Summary, etc. Looks at some of the disputes that have arisen since the introduction the New Engineering Contract. The contracts, once seen to favour property developers over contractors, have led to many claims of bias being made against project managers, who will not always act in the best interests of the clients.
690 ## - LOCAL SUBJECT ADDED ENTRY--TOPICAL TERM (OCLC, RLIN)
Topical term or geographic name as entry element BUILT ENVIRONMENT-BUILDING CONTRACT FORMS-STANDARD FORMS OF BUILDING CONTRACT -NEC CONTRACTS
942 ## - ADDED ENTRY ELEMENTS (KOHA)
Suppress in OPAC 0
Holdings
Withdrawn status Lost status Source of classification or shelving scheme Damaged status Not for loan Home library Current library Shelving location Date acquired Total Checkouts Barcode Date last seen Copy number Price effective from Koha item type
    Dewey Decimal Classification     London London Journal article 18/11/2005   L131601 06/08/2019 1 06/08/2019 Journal article